Get the REIT response (Record no. 69151)

MARC details
000 -LEADER
fixed length control field 01127cam a2200253 4500
001 - CONTROL NUMBER
control field ABS64953
008 - FIXED-LENGTH DATA ELEMENTS--GENERAL INFORMATION
fixed length control field 011220n2001 000 0 eng u
035 ## - SYSTEM CONTROL NUMBER
System control number (Sirsi) u116086
100 ## - MAIN ENTRY--PERSONAL NAME
Personal name Rodrigues, M
245 ## - TITLE STATEMENT
Title Get the REIT response
260 ## - PUBLICATION, DISTRIBUTION, ETC.
Date of publication, distribution, etc. 2001
490 ## - SERIES STATEMENT
Series statement Estates Gazette
Volume/sequential designation (0148) 1 December 2001, 125(1)
520 ## - SUMMARY, ETC.
Summary, etc. Examines the Law Commission's consultation paper which suggest reforming the Limited Partnerships (LPs) Act 1907 which governs UK-registered limited partnerships. The LPs are featured particularly in areas of UK business activity as a vehicle for areas such as private equity funds and property investment. Government is concerned about the tax exempt status of these funds which could possibly lead to distortions and tax loss in the market.
590 ## - LOCAL NOTE (RLIN)
Local note ABS
650 ## - SUBJECT ADDED ENTRY--TOPICAL TERM
Topical term or geographic name entry element LIMITED PARTNERSHIPS ACT 1907
650 ## - SUBJECT ADDED ENTRY--TOPICAL TERM
Topical term or geographic name entry element LIMITED PARTNERSHIPS
650 ## - SUBJECT ADDED ENTRY--TOPICAL TERM
Topical term or geographic name entry element PROPERTY INVESTMENT
650 ## - SUBJECT ADDED ENTRY--TOPICAL TERM
Topical term or geographic name entry element TAXATION
650 ## - SUBJECT ADDED ENTRY--TOPICAL TERM
Topical term or geographic name entry element PROPERTY SECURITISATION
650 ## - SUBJECT ADDED ENTRY--TOPICAL TERM
Topical term or geographic name entry element FACILITIES MANAGEMENT
9 (RLIN) 6240
650 ## - SUBJECT ADDED ENTRY--TOPICAL TERM
Topical term or geographic name entry element MANAGEMENT-BUSINESS MANAGEMENT
690 ## - LOCAL SUBJECT ADDED ENTRY--TOPICAL TERM (OCLC, RLIN)
Topical term or geographic name as entry element PROPERTY MANAGEMENT
9 (RLIN) 6262
942 ## - ADDED ENTRY ELEMENTS (KOHA)
Suppress in OPAC 0
Holdings
Withdrawn status Lost status Source of classification or shelving scheme Damaged status Not for loan Home library Current library Shelving location Date acquired Total Checkouts Full call number Barcode Date last seen Copy number Price effective from Koha item type
    Dewey Decimal Classification     London London Journal article 20/12/2001   ABS64953 116086-1001 06/08/2019 1 06/08/2019 Journal article